[Event "Sparkassen-Open A"]
[Site "Heusenstamm, Martinsee"]
[Date "2018.11.23"]
[Round "2.62"]
[White "Engel, Jan"]
[Black "Zimmermann, Rolf"]
[Result "0-1"]
[WhiteElo "1859"]
[BlackElo "2093"]
[PlyCount "122"]
[EventDate "2018.??.??"]
[WhiteTeam "Frankfurter TV"]
[BlackTeam "SC Tornado Hochneukirch"]

1. e4 c6 2. d4 d5 3. e5 g6 4. Nc3 h5 5. Bd3 Nh6 6. h4 Nf5 7. Nce2 e6 8. Nf3 Be7
9. Bg5 c5 10. Bxe7 Qxe7 11. c3 Nc6 12. dxc5 Qxc5 13. Bxf5 exf5 14. Qd2 Be6 15.
Ned4 a6 16. O-O Qe7 17. g3 Rc8 18. Rfe1 Kf8 19. Rad1 Kg7 20. Qg5 Qxg5 21. Nxg5
Nxd4 22. Rxd4 Rc6 23. f4 Rhc8 24. Kf2 Rc4 25. Red1 b5 26. Ke3 a5 27. a3 b4 28.
axb4 axb4 29. cxb4 Rc2 30. R1d2 Rc1 31. b5 Rb8 32. Rb4 Rc5 33. b6 Rb7 34. Kd4
Rc6 35. b3 Rcxb6 36. Rxb6 Rxb6 37. Rd3 Rb5 38. Rc3 Kf8 39. Nf3 Ke7 40. Kd3 Kd7
41. Nd4 Rb6 42. Rc5 Ra6 43. Kc3 Ra2 44. Nc2 d4+ 45. Nxd4 Rg2 46. b4 Rxg3+ 47.
Kb2 Rg2+ 48. Rc2 Rg4 49. Nxe6 Kxe6 50. b5 Rxf4 51. Kb3 Rf1 52. Ka4 Ra1+ 53. Kb4
Rb1+ 54. Ka5 Kxe5 55. b6 f4 56. Ka6 f3 57. Kb7 Kf4 58. Kc7 Kg3 59. Rc6 f2 60.
Rf6 f1=Q 61. Rxf1 Rxf1 0-1

[Event "Sparkassen-Open A"]
[Site "Heusenstamm, Martinsee"]
[Date "2018.11.23"]
[Round "2.63"]
[White "Eichner, Christian"]
[Black "Diehl, Stefan"]
[Result "1-0"]
[WhiteElo "2091"]
[BlackElo "1859"]
[PlyCount "27"]
[EventDate "2018.??.??"]
[WhiteTeam "SV TuR Dresden"]
[BlackTeam "SC HÃ¶chst"]

1. e4 d5 2. exd5 Qxd5 3. Nc3 Qa5 4. d4 Nf6 5. Bc4 Bf5 6. Nf3 e6 7. Bd2 c6 8.
Qe2 Bb4 9. O-O-O Nbd7 10. Ne5 Nxe5 11. dxe5 Nd7 12. a3 Bxa3 13. Nb5 Qb6 14.
Nxa3 1-0

[Event "Sparkassen-Open A"]
[Site "Heusenstamm, Martinsee"]
[Date "2018.11.23"]
[Round "2.64"]
[White "Ohler, Julius"]
[Black "Scheitz, Michael"]
[Result "1/2-1/2"]
[WhiteElo "1826"]
[BlackElo "2090"]
[PlyCount "39"]
[EventDate "2018.??.??"]
[WhiteTeam "SG Trier"]
[BlackTeam "Wiesbadener SV"]

1. c4 c5 2. g3 g6 3. Bg2 Bg7 4. e4 Nc6 5. Nc3 e6 6. Nge2 Nge7 7. O-O O-O 8. d3
d6 9. f4 f5 10. a3 Rb8 11. Rb1 b6 12. b4 e5 13. b5 Nd4 14. Nxd4 exd4 15. Nd5
Bb7 16. Re1 Nxd5 17. exd5 Qc7 18. Bd2 Rbe8 19. Qc2 Bc8 20. a4 1/2-1/2

[Event "Sparkassen-Open A"]
[Site "Heusenstamm, Martinsee"]
[Date "2018.11.23"]
[Round "2.65"]
[White "Cortes Arias, Mariela"]
[Black "SchlÃ¶ÃŸner, Henrik"]
[Result "1/2-1/2"]
[WhiteElo "1831"]
[BlackElo "2088"]
[PlyCount "84"]
[EventDate "2018.??.??"]
[WhiteTeam "AJEZA"]
[BlackTeam "SK GrÃ¼ndau"]

1. d4 Nf6 2. Nc3 d5 3. Bf4 Bf5 4. f3 e6 5. e3 Bd6 6. Bxd6 Qxd6 7. g4 Bg6 8. Bd3
c6 9. Nge2 Nbd7 10. h4 O-O-O 11. h5 Bxd3 12. Qxd3 e5 13. O-O-O g6 14. hxg6 hxg6
15. g5 Nh5 16. e4 dxe4 17. Nxe4 Qe7 18. d5 cxd5 19. Qc3+ Kb8 20. Rxd5 Rc8 21.
Qa5 Nf4 22. Rxh8 Nxe2+ 23. Kd2 Rxh8 24. Kxe2 Nb6 25. Rxe5 Qd8 26. Qb5 Rh2+ 27.
Ke3 Qc7 28. Re8+ Nc8 29. Nc5 Qb6 30. Qxb6 axb6 31. Ne4 Kc7 32. Rf8 Rxc2 33.
Rxf7+ Kd8 34. Rxb7 Ne7 35. Nf6 Nf5+ 36. Kd3 Rxb2 37. a4 Rb4 38. Rd7+ Kc8 39.
Rc7+ Kd8 40. Rd7+ Kc8 41. Rc7+ Kd8 42. Rd7+ Kc8 1/2-1/2

[Event "Sparkassen-Open A"]
[Site "Heusenstamm, Martinsee"]
[Date "2018.11.23"]
[Round "2.66"]
[White "Harringer, Manfred"]
[Black "Nickel, Jonas"]
[Result "1-0"]
[WhiteElo "2038"]
[BlackElo "1788"]
[PlyCount "83"]
[EventDate "2018.??.??"]
[WhiteTeam "Bergische SF"]
[BlackTeam "SG WÃ¤chtersbach"]

1. e4 c5 2. Nf3 g6 3. c3 Bg7 4. d4 cxd4 5. cxd4 d5 6. e5 Nc6 7. Bb5 Nh6 8. O-O
O-O 9. Nc3 Bg4 10. Bxc6 bxc6 11. h3 Bxf3 12. Qxf3 Nf5 13. Rd1 f6 14. e6 Nd6 15.
Na4 Ne4 16. Qd3 Qd6 17. f3 Ng5 18. Bxg5 fxg5 19. Nc5 Rf4 20. Qc3 Raf8 21. Rd3
Bxd4+ 22. Rxd4 Rxf3 23. Rd3 Rxd3 24. Nxd3 Qxe6 25. Re1 Qf5 26. Rxe7 Qf1+ 27.
Kh2 Rf7 28. Re8+ Rf8 29. Re7 Rf7 30. Rxf7 Kxf7 31. Ne5+ Ke6 32. Nxc6 Qf4+ 33.
Kg1 g4 34. Nd4+ Kf7 35. hxg4 Ke7 36. Qe1+ Kd6 37. Qb4+ Kd7 38. Qa4+ Kc8 39.
Qe8+ Kb7 40. Qd7+ Qc7 41. Qxd5+ Kc8 42. Qc6 1-0

[Event "Sparkassen-Open A"]
[Site "Heusenstamm, Martinsee"]
[Date "2018.11.23"]
[Round "2.67"]
[White "Azimi, Reza"]
[Black "Mehl, Ulrich"]
[Result "1/2-1/2"]
[WhiteElo "2028"]
[BlackElo "1629"]
[PlyCount "81"]
[EventDate "2018.??.??"]
[WhiteTeam "MÃ¼nchener SC"]
[BlackTeam "Berkershm"]

1. d4 d5 2. Nf3 Nf6 3. Bf4 e6 4. e3 c5 5. c3 Nc6 6. Nbd2 Bd6 7. Ne5 O-O 8. Bd3
cxd4 9. exd4 Qc7 10. Qe2 Ne7 11. Ndf3 a6 12. O-O Bd7 13. Rfe1 Rab8 14. Ng5 Ng6
15. Bxg6 hxg6 16. g4 Rbe8 17. Qf3 Nh7 18. Nxh7 Kxh7 19. Qh3+ Kg8 20. Bg3 Bxe5
21. Bxe5 Qb6 22. Qg3 f6 23. Bd6 Rf7 24. b4 g5 25. a4 g6 26. a5 Qc6 27. Ra2 Rc8
28. Bc5 Qc7 29. Qxc7 Rxc7 30. Rae2 Rc8 31. Kg2 Re8 32. Kg3 f5 33. Re5 Kg7 34.
f3 Kf6 35. c4 dxc4 36. d5 Rh7 37. Bd4 Kf7 38. dxe6+ Bxe6 39. Bc5 Kf6 40. R5e2
Rd7 41. h3 1/2-1/2

[Event "Sparkassen-Open A"]
[Site "Heusenstamm, Martinsee"]
[Date "2018.11.23"]
[Round "2.69"]
[White "Pohle, Saskia"]
[Black "Syed, Tareq"]
[Result "1/2-1/2"]
[WhiteElo "1656"]
[BlackElo "2025"]
[PlyCount "64"]
[EventDate "2018.??.??"]
[WhiteTeam "Muldental Wilkau-HaÃŸlau"]
[BlackTeam "SC Brett vorm Kopp"]

1. e4 c6 2. d4 Na6 3. Nc3 Nc7 4. Nf3 g6 5. Be2 Bg7 6. O-O d6 7. h3 Nf6 8. Re1
O-O 9. Bf1 d5 10. Bf4 Ne6 11. Be5 Bh6 12. Kh1 a6 13. a4 b6 14. Qd3 Bb7 15. b4
Rc8 16. Rab1 Qd7 17. b5 cxb5 18. exd5 Nxd5 19. Nxd5 Bxd5 20. axb5 Bc4 21. Qe4
Bxf1 22. Rxf1 axb5 23. d5 Nc5 24. Qb4 Qxd5 25. Qxb5 Qe4 26. Qxb6 Qxc2 27. Nd4
Qe4 28. Rfe1 Qa8 29. Nf5 Bg5 30. f4 gxf5 31. fxg5 Rc6 32. Qb5 Ne4 1/2-1/2

[Event "Sparkassen-Open A"]
[Site "Heusenstamm, Martinsee"]
[Date "2018.11.23"]
[Round "2.70"]
[White "Marzec, Witold"]
[Black "Begri, Felix"]
[Result "0-1"]
[WhiteElo "1715"]
[BlackElo "2008"]
[PlyCount "60"]
[EventDate "2018.??.??"]
[WhiteTeam "vereinslos"]
[BlackTeam "SV Hofheim"]

1. c4 c5 2. Nc3 Nc6 3. g3 g6 4. Bg2 Bg7 5. Nf3 e6 6. e4 Nge7 7. d3 O-O 8. O-O
Nd4 9. Nxd4 cxd4 10. Ne2 d5 11. exd5 exd5 12. c5 Qa5 13. Qc2 Bf5 14. Bg5 f6 15.
Bd2 Qa6 16. Nc1 Rfd8 17. Re1 Bf8 18. b4 b6 19. cxb6 axb6 20. Qb3 Qa3 21. Bf1
Nc6 22. Bg2 Qxb3 23. Nxb3 Nxb4 24. Nxd4 Nxd3 25. Nxf5 Nxe1 26. Ne7+ Bxe7 27.
Rxe1 Rxa2 28. Rd1 Bc5 29. Bf1 Kg7 30. Kg2 Re8 0-1

[Event "Sparkassen-Open A"]
[Site "Heusenstamm, Martinsee"]
[Date "2018.11.23"]
[Round "2.71"]
[White "Stolle, Hendrik"]
[Black "Henrich, David"]
[Result "0-1"]
[WhiteElo "1614"]
[BlackElo "2141"]
[PlyCount "64"]
[EventDate "2018.??.??"]
[WhiteTeam "TG Biberach"]
[BlackTeam "Frankfurter TV"]

1. Nf3 Nf6 2. c4 d6 3. g3 e5 4. d3 Be7 5. Bg2 h6 6. b3 Nc6 7. Bb2 Bf5 8. Nbd2
Qd7 9. O-O Bh3 10. a3 O-O-O 11. b4 Rdg8 12. Qc2 g5 13. b5 Nd8 14. c5 Kb8 15.
cxd6 cxd6 16. Rfc1 Be6 17. Nxe5 dxe5 18. Bxe5+ Ka8 19. Qb2 Ng4 20. Rc7 Nxe5 21.
Rxd7 Nxd7 22. Rc1 Bd6 23. Nc4 Bxc4 24. Rxc4 Nb6 25. Rc1 Ne6 26. e4 Rc8 27.
Rxc8+ Rxc8 28. d4 Nc4 29. Qc3 Kb8 30. a4 Ne5 31. Qd2 Nxd4 32. Qd1 Rc1 0-1

[Event "Sparkassen-Open A"]
[Site "Heusenstamm, Martinsee"]
[Date "2018.11.23"]
[Round "2.72"]
[White "Henrich, Thomas"]
[Black "Pabel, Ralph"]
[Result "1-0"]
[WhiteElo "2207"]
[BlackElo "1905"]
[PlyCount "91"]
[EventDate "2018.??.??"]
[WhiteTeam "SK Marburg"]
[BlackTeam "SK Mainaschaff"]

1. d4 Nf6 2. c4 e6 3. Nc3 Bb4 4. e3 O-O 5. Nge2 d5 6. a3 Be7 7. cxd5 exd5 8.
Ng3 Re8 9. Be2 c6 10. O-O Nbd7 11. b4 a6 12. Qb3 Bf8 13. e4 Nxe4 14. Ncxe4 dxe4
15. Bc4 Qf6 16. Bg5 Qg6 17. f4 Nf6 18. h4 Nd5 19. Bxd5 cxd5 20. f5 Qd6 21. f6
g6 22. Qe3 h5 23. Bf4 Qe6 24. Be5 Kh7 25. Ne2 Bd7 26. Nf4 Bh6 27. Qg3 Bxf4 28.
Rxf4 Rec8 29. Raf1 Bb5 30. R1f2 Rc1+ 31. Kh2 Rac8 32. Rf5 Be2 33. Qg5 Qe8 34.
Rxe2 Ra1 35. Qg3 Rcc1 36. Rxh5+ Kg8 37. Qe3 Qf8 38. Rg5 Rh1+ 39. Kg3 Qh6 40.
Rg4 Qh5 41. Rc2 Rad1 42. Qg5 Qxg5 43. Rxg5 Rc1 44. Rxc1 Rxc1 45. h5 Kh7 46.
hxg6+ 1-0

[Event "Sparkassen-Open A"]
[Site "Heusenstamm, Martinsee"]
[Date "2018.11.23"]
[Round "2.73"]
[White "SchrÃ¶der, JÃ¼rgen"]
[Black "Kirchner, Markus"]
[Result "1-0"]
[WhiteElo "2102"]
[BlackElo "1887"]
[PlyCount "62"]
[EventDate "2018.??.??"]
[WhiteTeam "SC Matt im Park"]
[BlackTeam "SF SchÃ¶neck"]

1. e4 e6 2. d3 d5 3. Nd2 Nf6 4. Ngf3 Bc5 5. e5 Nfd7 6. d4 Be7 7. Bd3 c5 8. c3
Nc6 9. Nf1 O-O 10. Ng3 cxd4 11. cxd4 f6 12. exf6 Nxf6 13. O-O Bd6 14. Re1 Qc7
15. Bd2 e5 16. dxe5 Nxe5 17. Nxe5 Bxe5 18. Rc1 Qb8 19. Bc3 Bf4 20. Rc2 Qd6 21.
Bd4 b6 22. Nh5 Ng4 23. Rxc8 Bxh2+ 24. Kh1 Nxf2+ 25. Bxf2 Raxc8 26. Bd4 Bf4 27.
Qg4 g5 28. Nf6+ Rxf6 29. Bxf6 Rf8 30. Bxg5 Bxg5 31. Qxg5+ Kh8 1-0

[Event "Sparkassen-Open A"]
[Site "Heusenstamm, Martinsee"]
[Date "2018.11.23"]
[Round "2.74"]
[White "Deutsch, Christoph"]
[Black "Mooser, Nicolas"]
[Result "1-0"]
[WhiteElo "1876"]
[BlackElo "2095"]
[PlyCount "99"]
[EventDate "2018.??.??"]
[WhiteTeam "SK GrÃ¼ndau"]
[BlackTeam "FC Ergolding"]

1. e4 c5 2. Nf3 e6 3. d4 cxd4 4. Nxd4 Nc6 5. Nc3 Qc7 6. Be2 a6 7. a4 Nf6 8. O-O
Be7 9. Kh1 O-O 10. Nb3 d6 11. f4 Bd7 12. Be3 Na5 13. Nxa5 Qxa5 14. Bf3 Rac8 15.
Qd3 e5 16. f5 Bc6 17. g4 Rfd8 18. b4 Qc7 19. g5 Ne8 20. b5 Bxb5 21. axb5 Qxc3
22. bxa6 bxa6 23. Rxa6 Qxc2 24. Qxc2 Rxc2 25. Ra7 Bf8 26. Bh5 f6 27. Rg1 Kh8
28. Rf7 Nc7 29. gxf6 gxf6 30. Rxf6 d5 31. Bh6 Bxh6 32. Rxh6 dxe4 33. Bg6 Rc6
34. Rxh7+ Kg8 35. Re7 Rc5 36. f6 e3 37. Bh7+ Kh8 38. f7 Rf8 39. Rg8+ Kxh7 40.
Rxf8 Ne6 41. Rxe6 Kg7 42. Rfe8 Kxf7 43. Rxe5 Rc1+ 44. Kg2 Rc2+ 45. Kg3 e2 46.
Rxe2 Rc3+ 47. R8e3 Rc1 48. Rf3+ Kg6 49. Kh3 Kh5 50. Rg3 1-0

[Event "Sparkassen-Open A"]
[Site "Heusenstamm, Martinsee"]
[Date "2018.11.23"]
[Round "2.75"]
[White "Lehmann, Tim"]
[Black "Olesiak, Marcin"]
[Result "1-0"]
[WhiteElo "1901"]
[BlackElo "2043"]
[PlyCount "75"]
[EventDate "2018.??.??"]
[WhiteTeam "SV Lahn Limburg"]
[BlackTeam "SV Oberursel"]

1. d4 d5 2. Bf4 Nf6 3. e3 c5 4. c3 e6 5. Nd2 Nc6 6. Ngf3 Bd6 7. Bg3 Bxg3 8.
hxg3 Qd6 9. Bd3 e5 10. dxe5 Nxe5 11. Nxe5 Qxe5 12. Nf3 Qe7 13. Bb5+ Kf8 14. Qe2
Bg4 15. Rd1 a6 16. Bd3 g6 17. a4 Rd8 18. Qc2 Kg7 19. O-O h5 20. Be2 h4 21. Nxh4
Bxe2 22. Qxe2 Rh5 23. Qf3 Rb8 24. Rfe1 Qe6 25. Kf1 Ng4 26. Qf4 Nh2+ 27. Ke2 g5
28. Nf5+ Kf6 29. Qd6 Kxf5 30. Rxd5+ Kg6 31. Qxc5 f6 32. Rd6 Qb3 33. Red1 Qxa4
34. Rxf6+ Kxf6 35. Rd6+ Kf7 36. Qc7+ Kf8 37. Rf6+ Ke8 38. Re6+ 1-0

[Event "Sparkassen-Open A"]
[Site "Heusenstamm, Martinsee"]
[Date "2018.11.23"]
[Round "2.76"]
[White "Nyenhuis, Yannek"]
[Black "Seickel, Ralf"]
[Result "1/2-1/2"]
[WhiteElo "1892"]
[BlackElo "2044"]
[PlyCount "45"]
[EventDate "2018.??.??"]
[WhiteTeam "PSV Uelzen"]
[BlackTeam "vereinslos"]

1. d4 Nf6 2. Bf4 g6 3. Nc3 d5 4. e3 Bg7 5. h4 a6 6. Be2 h6 7. Nf3 c5 8. Qd2 Nc6
9. Ne5 Qa5 10. Nxc6 bxc6 11. dxc5 Qxc5 12. Na4 Qa7 13. Qa5 Nd7 14. Rd1 e5 15.
Bg3 O-O 16. c4 f5 17. cxd5 f4 18. exf4 exf4 19. Bh2 Ne5 20. O-O Qe7 21. dxc6
Qxh4 22. Qd5+ Kh7 23. f3 1/2-1/2

[Event "Sparkassen-Open A"]
[Site "Heusenstamm, Martinsee"]
[Date "2018.11.23"]
[Round "2.77"]
[White "Benninger, Rudolf"]
[Black "Modric, Vladimir"]
[Result "1/2-1/2"]
[WhiteElo "2042"]
[BlackElo "1893"]
[PlyCount "36"]
[EventDate "2018.??.??"]
[WhiteTeam "SC Heusenstamm"]
[BlackTeam "SC Nied"]

1. e4 Nf6 2. e5 Nd5 3. d4 d6 4. c4 Nb6 5. exd6 exd6 6. Nc3 Nc6 7. Be3 Bf5 8.
Rc1 Be7 9. Nf3 O-O 10. Be2 Bf6 11. O-O d5 12. cxd5 Nxd5 13. Nxd5 Qxd5 14. Bc4
Qd6 15. Qd2 Qb4 16. Qxb4 Nxb4 17. Bb3 c6 18. Rc3 Be4 1/2-1/2

[Event "Sparkassen-Open A"]
[Site "Heusenstamm, Martinsee"]
[Date "2018.11.23"]
[Round "2.78"]
[White "Ochs, Daniel Elias"]
[Black "Englert, Jon"]
[Result "1/2-1/2"]
[WhiteElo "1884"]
[BlackElo "2022"]
[PlyCount "73"]
[EventDate "2018.??.??"]
[WhiteTeam "Wiesbadener SV"]
[BlackTeam "TV-GroÃŸostheim"]

1. d4 Nf6 2. Nf3 g6 3. g3 Bg7 4. Bg2 d6 5. O-O O-O 6. c4 c6 7. Nc3 Qa5 8. e4 e5
9. dxe5 dxe5 10. h3 Rd8 11. Qe2 h6 12. Be3 Be6 13. Rfd1 Nbd7 14. a3 Nb6 15. Nd2
Rxd2 16. Bxd2 Nxc4 17. Nd5 Nxd2 18. Nxf6+ Bxf6 19. Qxd2 Qxd2 20. Rxd2 Bg5 21.
Rd3 a5 22. h4 Be7 23. Rc1 Ra6 24. Bf3 Rb6 25. Rc2 Kg7 26. Rdc3 g5 27. hxg5 hxg5
28. Be2 Ba2 29. Rd2 Bb1 30. Bd3 Bxd3 31. Rcxd3 Bc5 32. Kg2 Bd4 33. b3 c5 34.
Rc2 Kg6 35. g4 Rf6 36. a4 Rf4 37. f3 1/2-1/2

[Event "Sparkassen-Open A"]
[Site "Heusenstamm, Martinsee"]
[Date "2018.11.23"]
[Round "2.79"]
[White "BlÃ¼baum, Johanna"]
[Black "MÃ¼dder, Melanie"]
[Result "1-0"]
[WhiteElo "2027"]
[BlackElo "1855"]
[PlyCount "55"]
[EventDate "2018.??.??"]
[WhiteTeam "SK Marburg"]
[BlackTeam "SG Solingen"]

1. d4 d5 2. c4 dxc4 3. e3 Be6 4. Nc3 c6 5. a4 Nf6 6. Nf3 Bd5 7. Nd2 c5 8. e4
cxd4 9. Nxd5 Nxd5 10. exd5 Qxd5 11. Bxc4 Qxg2 12. Qf3 Qxf3 13. Nxf3 Nc6 14. O-O
e6 15. Rd1 O-O-O 16. a5 Bc5 17. a6 b6 18. Bb5 Nb4 19. Bd2 Nd5 20. Rac1 Nc7 21.
Bd3 Bd6 22. Ng5 Rdf8 23. Ne4 Be5 24. f4 Bf6 25. Bb4 Rd8 26. Nd6+ Kd7 27. Nxf7
Nd5 28. Bb5# 1-0

[Event "Sparkassen-Open A"]
[Site "Heusenstamm, Martinsee"]
[Date "2018.11.23"]
[Round "2.80"]
[White "Eg, Karlheinz"]
[Black "Martin, Reiner"]
[Result "1-0"]
[WhiteElo "1872"]
[BlackElo "2023"]
[PlyCount "75"]
[EventDate "2018.??.??"]
[WhiteTeam "SV RÃ¼sselsheim"]
[BlackTeam "SC Bad Soden"]

1. e4 c5 2. Nf3 e6 3. d4 cxd4 4. Nxd4 a6 5. c4 Nf6 6. Nc3 Qc7 7. Be2 b6 8. O-O
Bb7 9. Bf3 d6 10. Be3 Nbd7 11. Rc1 Be7 12. g3 Rc8 13. b3 O-O 14. Bg2 Qb8 15.
Qe2 Qa8 16. f3 Rfe8 17. Qf2 Ne5 18. Rfd1 Nfd7 19. Bh3 Nc5 20. Qe2 Bd8 21. Bf2
Bc7 22. Be3 Rcd8 23. b4 Ncd7 24. f4 Ng6 25. f5 exf5 26. Nd5 Bb8 27. Bxf5 Nge5
28. Bg5 f6 29. Ne6 Rc8 30. Qh5 g6 31. Qh6 Rxe6 32. Bxe6+ Kh8 33. Nxf6 Nf3+ 34.
Kf1 Nxg5 35. Bxd7 Rd8 36. Be8 Rxe8 37. Nxe8 Ne6 38. Nf6 1-0

[Event "Sparkassen-Open A"]
[Site "Heusenstamm, Martinsee"]
[Date "2018.11.23"]
[Round "2.81"]
[White "SchÃ¤fer, Heiko"]
[Black "Browning, Rebecca"]
[Result "1-0"]
[WhiteElo "2014"]
[BlackElo "1836"]
[PlyCount "73"]
[EventDate "2018.??.??"]
[WhiteTeam "Potsdamer SV"]
[BlackTeam "MS Halver-SchalksmÃ¼hle"]

1. d4 d5 2. Nf3 Bf5 3. c4 c6 4. Qb3 Qb6 5. Nc3 Qxb3 6. axb3 e6 7. Bf4 Na6 8. e3
Nb4 9. Kd2 Nf6 10. Ne5 Bc2 11. Ra3 h6 12. c5 Be7 13. Be2 Bh7 14. Re1 a6 15. Ra4
Nc2 16. Rc1 O-O 17. Bd3 b5 18. cxb6 Nb4 19. Bxh7+ Kxh7 20. Na2 Nxa2 21. Rxa2 c5
22. Nc6 Ne4+ 23. Ke2 g5 24. b7 gxf4 25. bxa8=Q Rxa8 26. Nxe7 cxd4 27. exd4 Rb8
28. f3 Nf6 29. Rc3 Rb4 30. Kd3 Rb6 31. Nc8 Rb4 32. Rxa6 Nh5 33. Ra7 Kg6 34. Nd6
f6 35. Rc8 Kg5 36. Rg8+ Kh4 37. Rg4# 1-0

[Event "Sparkassen-Open A"]
[Site "Heusenstamm, Martinsee"]
[Date "2018.11.23"]
[Round "2.82"]
[White "Burkhardt, Holger"]
[Black "Goetz, Jan"]
[Result "1-0"]
[WhiteElo "2005"]
[BlackElo "1869"]
[PlyCount "49"]
[EventDate "2018.??.??"]
[WhiteTeam "SK GieÃŸen"]
[BlackTeam "SK Bad Homburg"]

1. d4 d5 2. Nc3 Bf5 3. f3 Nf6 4. Bf4 c5 5. e3 Nc6 6. g4 Bg6 7. h4 h5 8. g5 Nd7
9. Nxd5 e5 10. dxe5 Ndxe5 11. e4 Bd6 12. Qd2 Nd4 13. Be2 O-O 14. O-O-O b5 15.
c3 Nxe2+ 16. Qxe2 Qb8 17. Nh3 a5 18. Bxe5 Bxe5 19. f4 Bc7 20. f5 Bh7 21. Qxh5
Re8 22. g6 fxg6 23. fxg6 Bxg6 24. Qxg6 Be5 25. Ng5 1-0

[Event "Sparkassen-Open A"]
[Site "Heusenstamm, Martinsee"]
[Date "2018.11.23"]
[Round "2.83"]
[White "Bittner, Peter"]
[Black "Kolker, Vladislav"]
[Result "1/2-1/2"]
[WhiteElo "1869"]
[BlackElo "1999"]
[PlyCount "36"]
[EventDate "2018.??.??"]
[WhiteTeam "SC Nied"]
[BlackTeam "SC Bad Nauheim"]

1. e4 e5 2. Nf3 Nc6 3. Bb5 f5 4. d3 fxe4 5. dxe4 Nf6 6. O-O Bc5 7. Bc4 Qe7 8.
Nc3 Na5 9. Qd3 Nxc4 10. Qxc4 d6 11. Bg5 c6 12. h3 Be6 13. Qd3 b5 14. b3 O-O 15.
Be3 Bxe3 16. fxe3 b4 17. Ne2 Rad8 18. Ng5 d5 1/2-1/2

[Event "Sparkassen-Open A"]
[Site "Heusenstamm, Martinsee"]
[Date "2018.11.23"]
[Round "2.84"]
[White "Vakulenko, Oleksandr"]
[Black "Mager, Thomas"]
[Result "1-0"]
[WhiteElo "1999"]
[BlackElo "1854"]
[PlyCount "53"]
[EventDate "2018.??.??"]
[WhiteTeam "Gambit Kiev"]
[BlackTeam "vereinslos"]

1. d4 f5 2. Nf3 Nf6 3. g3 g6 4. Bg2 Bg7 5. O-O O-O 6. b3 d6 7. Bb2 c6 8. Nbd2
Nbd7 9. Re1 d5 10. c4 Ne4 11. cxd5 cxd5 12. Rc1 Ndf6 13. Ne5 Bd7 14. f3 Nd6 15.
b4 a5 16. Nb3 axb4 17. Nc5 b6 18. Nexd7 Nxd7 19. Ne6 Qb8 20. Nxf8 Nxf8 21. Qb3
Nc4 22. e4 e6 23. exd5 exd5 24. f4 Qd6 25. Rxc4 dxc4 26. Qxc4+ Kh8 27. Bxa8 1-0

[Event "Sparkassen-Open A"]
[Site "Heusenstamm, Martinsee"]
[Date "2018.11.23"]
[Round "2.85"]
[White "Rieger, Mario"]
[Black "Berberich, Christoph"]
[Result "1-0"]
[WhiteElo "1868"]
[BlackElo "1997"]
[PlyCount "69"]
[EventDate "2018.??.??"]
[WhiteTeam "MS Halver-SchalksmÃ¼hle"]
[BlackTeam "SGEM Dreisamtal"]

1. d4 Nf6 2. Nf3 c5 3. d5 g6 4. c4 b5 5. cxb5 a6 6. Nc3 axb5 7. Nxb5 Qa5+ 8.
Nc3 Ba6 9. Nd2 Bg7 10. g3 O-O 11. Bg2 d6 12. O-O Nbd7 13. Re1 Rfb8 14. Nb3 Qb6
15. Nd2 Ng4 16. h3 Ngf6 17. Qc2 Ne8 18. Qe4 Kf8 19. Qh4 h5 20. Nde4 Ndf6 21.
Rb1 Nxe4 22. Nxe4 Bb7 23. Nc3 Bxc3 24. bxc3 Qxb1 25. Bh6+ Kg8 26. Rxb1 Nf6 27.
Bg5 Kg7 28. Bxf6+ exf6 29. Rb2 Ba6 30. Rxb8 Rxb8 31. Qf4 Rb1+ 32. Kh2 Bxe2 33.
Qxd6 c4 34. Qe7 Bd3 35. d6 1-0

[Event "Sparkassen-Open A"]
[Site "Heusenstamm, Martinsee"]
[Date "2018.11.23"]
[Round "2.86"]
[White "Diehm, Alexander"]
[Black "Papadopoulos, Ioannis"]
[Result "0-1"]
[WhiteElo "1995"]
[BlackElo "1796"]
[PlyCount "118"]
[EventDate "2018.??.??"]
[WhiteTeam "SC FK Babenhausen"]
[BlackTeam "SV Oberursel"]

1. d4 d5 2. Nf3 Nf6 3. e3 e6 4. Bd3 c5 5. c3 Bd6 6. O-O O-O 7. Nbd2 Nc6 8. Re1
e5 9. e4 dxe4 10. Nxe4 Nxe4 11. Bxe4 cxd4 12. Ng5 g6 13. Nxh7 Kxh7 14. Qh5+ Kg8
15. Qh6 Qf6 16. h4 Qg7 17. Qg5 Be6 18. h5 f5 19. Bxc6 bxc6 20. cxd4 gxh5 21.
dxe5 Qxg5 22. Bxg5 Bb4 23. Rec1 Bd5 24. a3 Ba5 25. f4 Bd8 26. Bxd8 Raxd8 27.
Kf2 Kf7 28. Rh1 Rg8 29. Rh2 Bxg2 30. Re1 Rd2+ 31. Re2 Rxe2+ 32. Kxe2 Rg4 33.
Rxh5 Rxf4 34. Rh6 Bd5 35. Rh7+ Ke6 36. Rxa7 Kxe5 37. Rd7 Re4+ 38. Kf2 Kf4 39.
Rh7 Bc4 40. Rh4+ Kg5 41. Rh3 Re2+ 42. Kf3 Rxb2 43. Rg3+ Kf6 44. Kf4 Rf2+ 45.
Ke3 f4+ 46. Kxf2 fxg3+ 47. Kxg3 Ke5 48. Kf2 Kd5 49. Ke3 Kc5 50. Kd2 Kd4 51. Kc2
Bb5 52. Kb3 c5 53. Kc2 c4 54. Kd2 Ba4 55. Kc1 Kc3 56. Kb1 Kd2 57. Kb2 c3+ 58.
Kb1 c2+ 59. Ka2 Be8 0-1

[Event "Sparkassen-Open A"]
[Site "Heusenstamm, Martinsee"]
[Date "2018.11.23"]
[Round "2.87"]
[White "Schellen, Sven"]
[Black "Werner, Dimo"]
[Result "1/2-1/2"]
[WhiteElo "1865"]
[BlackElo "1993"]
[PlyCount "42"]
[EventDate "2018.??.??"]
[WhiteTeam "SF Frankfurt"]
[BlackTeam "TSV Schott Mainz"]

1. d4 Nf6 2. c4 e6 3. Nf3 b6 4. g3 Bb7 5. Bg2 Be7 6. O-O O-O 7. Nc3 Ne4 8. Qc2
Nxc3 9. bxc3 f5 10. d5 Na6 11. Rd1 Qc8 12. Nd4 Nc5 13. Ba3 Rb8 14. Bf3 g6 15.
dxe6 dxe6 16. Nc6 Bxc6 17. Bxc6 Rf7 18. Rd2 Bd6 19. Rad1 Qf8 20. Bxc5 Bxc5 21.
Qa4 a5 1/2-1/2

[Event "Sparkassen-Open A"]
[Site "Heusenstamm, Martinsee"]
[Date "2018.11.23"]
[Round "2.88"]
[White "Altenbernd, Jannis-Domenik"]
[Black "Armbrust, Matthias"]
[Result "1-0"]
[WhiteElo "1990"]
[BlackElo "1830"]
[PlyCount "41"]
[EventDate "2018.??.??"]
[WhiteTeam "SG BÃ¼nde"]
[BlackTeam "SF Lindlar"]

1. d4 g6 2. c4 Bg7 3. Nc3 d6 4. e4 e5 5. Be3 Nc6 6. d5 Nce7 7. g4 Nf6 8. f3 c6
9. h4 cxd5 10. cxd5 Qa5 11. Qd2 h5 12. g5 Nd7 13. Nb5 Qxd2+ 14. Kxd2 O-O 15.
Nc7 Rb8 16. Bxa7 Rd8 17. Rc1 b6 18. Bxb8 Nxb8 19. b4 Bd7 20. Nb5 Bxb5 21. Bxb5
1-0

[Event "Sparkassen-Open A"]
[Site "Heusenstamm, Martinsee"]
[Date "2018.11.23"]
[Round "2.89"]
[White "Krychevskiy, Dmytro"]
[Black "Pham, Phuong-Bao"]
[Result "1-0"]
[WhiteElo "1986"]
[BlackElo "1812"]
[PlyCount "61"]
[EventDate "2018.??.??"]
[WhiteTeam "SV Oberursel"]
[BlackTeam "Frankfurter TV"]

1. e4 c5 2. Nf3 d6 3. d4 cxd4 4. Qxd4 Nc6 5. Bb5 Bd7 6. Bxc6 Bxc6 7. Nc3 e5 8.
Qd3 h6 9. g4 Qa5 10. Bd2 Qc5 11. Be3 Qb4 12. O-O-O Nf6 13. Nd2 Nxg4 14. a3 Qa5
15. Nc4 Qd8 16. Qe2 Nxe3 17. Nxe3 Be7 18. Kb1 g6 19. Ned5 Bg5 20. Rd3 O-O 21.
Qg4 f5 22. Qg2 Kh7 23. h4 Bxh4 24. Rdh3 g5 25. exf5 Rxf5 26. Qe4 Qf8 27. Rf3
Kg6 28. Rxf5 Qxf5 29. Ne7+ Kh5 30. Qxf5 Bxh1 31. f3 1-0

[Event "Sparkassen-Open A"]
[Site "Heusenstamm, Martinsee"]
[Date "2018.11.23"]
[Round "2.90"]
[White "Thomele, Michael"]
[Black "KÃ¼rschner, Matthias"]
[Result "1/2-1/2"]
[WhiteElo "1855"]
[BlackElo "1985"]
[PlyCount "52"]
[EventDate "2018.??.??"]
[WhiteTeam "SC Obernau"]
[BlackTeam "SK Langen"]

1. e4 c5 2. Nf3 g6 3. Nc3 Bg7 4. d4 cxd4 5. Nxd4 Nc6 6. Be3 Nf6 7. Nb3 a6 8.
Be2 b5 9. Bf3 Ne5 10. Be2 Bb7 11. f3 d6 12. a3 Rc8 13. Nd2 O-O 14. f4 Nc4 15.
Nxc4 bxc4 16. Bf3 Qa5 17. O-O Qc7 18. Qd2 Rb8 19. Qf2 Ba8 20. Rab1 Nd7 21. Bd4
e5 22. Be3 exf4 23. Bxf4 Ne5 24. Qd2 Rfd8 25. Rfd1 Qc8 26. Be2 Qe6 1/2-1/2